000 00397nam a2200145Ia 4500
008 211109s9999||||xx |||||||||||||| ||und||
082 _a425
_bTHO-P
100 _aThomson, A J
245 0 _aPractical English Grammar
260 _bOxford
_aNew York
_c1991
300 _a383p.
630 _xGeneral Stack
650 _aEnglish language--Grammar
_vEnglish languagelanguage
_xGeneralia
942 _cBOOK
999 _c35234
_d35234